[Event "Penang op 4th"]
[Site "Penang"]
[Date "2012.12.13"]
[Round "5"]
[White "Chong, Chor Yuen"]
[Black "Dutton, Lucas Matthew"]
[Result "1-0"]
[WhiteElo "2053"]
[BlackElo "1660"]
[PlyCount "89"]
[EventDate "2012.12.11"]
[EventType "swiss"]
[EventRounds "9"]
[EventCountry "MAS"]
[SourceTitle "EXT 2014"]
[Source "ChessBase"]
[SourceDate "2013.11.20"]
[SourceVersion "1"]
[SourceVersionDate "2013.11.20"]
[SourceQuality "1"]

1. e4 e6 2. d4 d5 3. Nc3 Nf6 4. Bg5 Be7 5. e5 Nfd7 6. Bxe7 Qxe7 7. f4 a6 8. Nf3 c5 9. Qd2 Nc6 10. dxc5 Nxc5 11. Qe3 Bd7 12. 0-0-0 0-0 13. g4 f6 14. h4 fxe5 15. Nxe5 d4 16. Rxd4 Nxd4 17. Qxd4 Rad8 18. Nxd7 Qxd7 19. Qe3 Qd4 20. Qxd4 Rxd4 21. Ne2 Re4 22. Rg1 e5 23. f5 Rd8 24. a3 h5 25. gxh5 Rxh4 26. f6 Rd7 27. Ng3 Rg4 28. Bh3 Rdd4 29. Bxg4 Rxg4 30. fxg7 Ne4 31. Ne2 Rxg7 32. c3 Rxg1+ 33. Nxg1 Ng3 34. Nf3 e4 35. Ng5 Kg7 36. Kd2 Kf6 37. h6 Kg6 38. h7 Kg7 39. Ke3 Nh5 40. Kxe4 Nf6+ 41. Ke5 Nxh7 42. Nxh7 Kxh7 43. Kd6 Kg6 44. Kc7 b5 45. Kb6 1-0

[Event "Penang op 4th"]
[Site "Penang"]
[Date "2012.12.12"]
[Round "3"]
[White "Wong, Yinn Long"]
[Black "Dutton, Lucas Matthew"]
[Result "0-1"]
[WhiteElo "1785"]
[BlackElo "1660"]
[PlyCount "100"]
[EventDate "2012.12.11"]
[EventType "swiss"]
[EventRounds "9"]
[EventCountry "MAS"]
[SourceTitle "EXT 2014"]
[Source "ChessBase"]
[SourceDate "2013.11.20"]
[SourceVersion "1"]
[SourceVersionDate "2013.11.20"]
[SourceQuality "1"]

1. e4 e6 2. d4 d5 3. Nc3 Nf6 4. Bg5 Be7 5. e5 Nfd7 6. Bxe7 Qxe7 7. f4 a6 8. Nf3 c5 9. dxc5 Qxc5 10. Qd2 Nc6 11. 0-0-0 0-0 12. Bd3 f6 13. exf6 Nxf6 14. Rhe1 Bd7 15. Re2 Nb4 16. g3 b5 17. Ne5 Nxd3+ 18. Qxd3 b4 19. Nxd7 Nxd7 20. Ne4 dxe4 21. Qxd7 Qc4 22. Re3 Qxa2 23. Rb3 Qa1+ 24. Kd2 Qxd1+ 25. Kxd1 Rfd8 26. Qxd8+ Rxd8+ 27. Kc1 a5 28. Re3 Rd4 29. g4 Kf7 30. h4 Kf6 31. c3 Rc4 32. Kd2 bxc3+ 33. bxc3 a4 34. Re1 a3 35. Ra1 e3+ 36. Kxe3 Rxc3+ 37. Ke4 Rc4+ 38. Kf3 Ra4 39. Ra2 g6 40. Ra1 a2 41. Ke3 h5 42. gxh5 gxh5 43. Kf3 Kf5 44. Ke3 Kg4 45. Ke2 Kxh4 46. Kf3 Ra3+ 47. Ke4 Kg3 48. Ke5 Ra6 49. Rg1+ Kf2 50. Ra1 h4 0-1